[Event "Campinas IRT Regional 8th"]
[Site "Campinas"]
[Date "2015.06.20"]
[Round "3.2"]
[White "Borges, Fernando"]
[Black "Rouanet, Luiz Paulo"]
[Result "0-1"]
[WhiteElo "1897"]
[BlackElo "2008"]
[PlyCount "86"]
[EventDate "2015.05.26"]
[EventType "swiss"]
[EventRounds "5"]
[EventCountry "BRA"]
[SourceTitle "EXT 2022"]
[Source "ChessBase"]
[SourceDate "2021.10.06"]
[SourceVersion "1"]
[SourceVersionDate "2021.10.06"]
[SourceQuality "1"]

1. e4 c6 2. d3 d5 3. Nd2 dxe4 4. dxe4 Nf6 5. Ngf3 Bg4 6. Bd3 Nbd7 7. h3 Bh5 8. Bc4 e5 9. 0-0 Be7 10. c3 0-0 11. a4 Qc7 12. Re1 Rad8 13. Qe2 h6 14. g4 Bg6 15. Nh4 Bh7 16. Nf5 Bxf5 17. gxf5 a5 18. Nf1 Nc5 19. f3 Nh5 20. Be3 Nf4 21. Bxf4 exf4 22. Nh2 Bh4 23. Rf1 Nxa4 24. Rxa4 b5 25. Bxb5 Qb6+ 26. Kh1 cxb5 27. Raa1 Rd7 28. Rg1 Kh8 29. Rg4 Bg3 30. Nf1 Rfd8 31. Nxg3 fxg3 32. Rxg3 Rd2 33. Qe1 Rxb2 34. Rg1 Rdd2 35. Qg3 Rh2+ 36. Qxh2 Rxh2+ 37. Kxh2 a4 38. Rg2 Qc7+ 39. Kh1 Qxc3 40. Rd1 Qxf3 41. Rd8+ Kh7 42. Kh2 Qxe4 43. f6 Qf4+ 0-1

[Event "BRA-ch Amateur"]
[Site "Sao Paulo"]
[Date "2015.04.30"]
[Round "1"]
[White "Borges, Fernando"]
[Black "Camargo, Luca Oshiro"]
[Result "1-0"]
[WhiteElo "1916"]
[BlackElo "1467"]
[PlyCount "45"]
[EventDate "2015.04.30"]
[EventType "swiss"]
[EventRounds "7"]
[EventCountry "BRA"]
[SourceTitle "EXT 2022"]
[Source "ChessBase"]
[SourceDate "2021.10.06"]
[SourceVersion "1"]
[SourceVersionDate "2021.10.06"]
[SourceQuality "1"]

1. e4 c5 2. Nf3 a6 3. g3 e6 4. d3 Nc6 5. Bg2 Be7 6. Qe2 d6 7. Nbd2 b5 8. c3 Bb7 9. 0-0 Nf6 10. Re1 0-0 11. Nf1 Qc7 12. a3 a5 13. d4 c4 14. Ng5 h6 15. Nh3 d5 16. e5 Ne4 17. Qg4 Kh7 18. f3 Ng5 19. Bxg5 Bxg5 20. Nxg5+ hxg5 21. Qh5+ Kg8 22. Qxg5 b4 23. Ne3 1-0

[Event "Campinas 06"]
[Site "Campinas"]
[Date "2009.07.03"]
[Round "13"]
[White "Freire, Rodrigo da Silva"]
[Black "Borges, Fernando"]
[Result "1-0"]
[WhiteElo "1857"]
[BlackElo "1926"]
[PlyCount "105"]
[EventDate "2009.06.05"]
[EventType "tourn"]
[EventRounds "14"]
[EventCountry "BRA"]
[SourceTitle "EXT 2022"]
[Source "ChessBase"]
[SourceDate "2021.10.06"]
[SourceVersion "1"]
[SourceVersionDate "2021.10.06"]
[SourceQuality "1"]

1. e4 c6 2. d4 d5 3. e5 Bf5 4. Bd3 Bxd3 5. Qxd3 e6 6. Nf3 c5 7. dxc5 Qa5+ 8. Nbd2 Bxc5 9. 0-0 Qa6 10. Qxa6 Nxa6 11. Nb3 Bb6 12. Nbd4 Ne7 13. Bg5 Ng6 14. Nb5 Bc5 15. a3 h6 16. b4 Bf8 17. Be3 b6 18. Rfc1 Be7 19. c4 0-0 20. cxd5 exd5 21. Nc7 Nxc7 22. Rxc7 Rfe8 23. Bd4 Nf4 24. Kf1 Ne6 25. Rd7 Nxd4 26. Nxd4 a5 27. Nc6 Bf8 28. b5 Re6 29. Rxd5 Rae8 30. f4 Bc5 31. f5 Rxc6 32. bxc6 Rc8 33. a4 Rxc6 34. Rc1 Rc8 35. Ke2 Kf8 36. Kd3 Ke7 37. Ke4 g6 38. Rcd1 gxf5+ 39. Kxf5 Rc7 40. g4 Be3 41. h4 Rc4 42. Rd7+ Kf8 43. e6 Rf4+ 44. Ke5 f6+ 45. Kd5 Ke8 46. Rf7 Rxg4 47. Rxf6 Rxh4 48. Rd3 Bg5 49. Rf7 Be7 50. Rh7 Bf8 51. e7 Bxe7 52. Re3 Rh5+ 53. Kc6 1-0

[Event "Campinas LCX 14th"]
[Site "Campinas"]
[Date "2008.12.28"]
[Round "5"]
[White "De Moraes, Francisco Jose Baen"]
[Black "Borges, Fernando"]
[Result "1-0"]
[WhiteElo "1966"]
[BlackElo "1934"]
[PlyCount "85"]
[EventDate "2008.12.26"]
[EventType "tourn"]
[EventRounds "5"]
[EventCountry "BRA"]
[SourceTitle "EXT 2022"]
[Source "ChessBase"]
[SourceDate "2021.10.06"]
[SourceVersion "1"]
[SourceVersionDate "2021.10.06"]
[SourceQuality "1"]

1. d4 Nf6 2. c4 g6 3. Nc3 Bg7 4. e4 d6 5. Be2 0-0 6. Bg5 Nbd7 7. f4 c5 8. d5 Qa5 9. Qd2 a6 10. Nf3 h6 11. Bh4 Qc7 12. 0-0 Rb8 13. a4 b6 14. Bd3 Re8 15. Rae1 Nf8 16. e5 N6h7 17. h3 Bf5 18. Bxf5 gxf5 19. Re2 dxe5 20. fxe5 Rbd8 21. Qc2 f4 22. d6 exd6 23. Bxd8 Qxd8 24. Rd1 Re6 25. Rxd6 Rxd6 26. exd6 Qxd6 27. Nd5 Ng5 28. Nxg5 hxg5 29. Ne7+ Kh8 30. Nf5 Bd4+ 31. Nxd4 Qxd4+ 32. Kh2 Ne6 33. Qe4 Qd6 34. Qe5+ Qxe5 35. Rxe5 Kg7 36. Rd5 Kf6 37. Rd6 Ke5 38. Rxb6 Kd4 39. Rxa6 Kxc4 40. Ra7 Kb3 41. a5 Kxb2 42. Rb7+ Kc2 43. a6 1-0

[Event "Campinas LCX 14th"]
[Site "Campinas"]
[Date "2008.12.26"]
[Round "1"]
[White "Borges, Fernando"]
[Black "Savian, Fabio Jose"]
[Result "1/2-1/2"]
[WhiteElo "2088"]
[BlackElo "1934"]
[PlyCount "34"]
[EventDate "2008.12.26"]
[EventType "tourn"]
[EventRounds "5"]
[EventCountry "BRA"]
[SourceTitle "EXT 2022"]
[Source "ChessBase"]
[SourceDate "2021.10.06"]
[SourceVersion "1"]
[SourceVersionDate "2021.10.06"]
[SourceQuality "1"]

1. e4 d5 2. exd5 Qxd5 3. Nc3 Qa5 4. d4 c6 5. g3 Nf6 6. Bg2 Bg4 7. Nge2 e6 8. 0-0 Bb4 9. Bd2 Nd5 10. Nxd5 Bxd2 11. Nc7+ Qxc7 12. Qxd2 Nd7 13. Rfe1 0-0 14. Qg5 Bxe2 15. Rxe2 h6 16. Qd2 Rfd8 17. Rd1 Nf6 1/2-1/2

[Event "Campinas LCX 12th"]
[Site "Campinas"]
[Date "2008.11.07"]
[Round "3"]
[White "Borges, Fernando"]
[Black "Pereira, Marcio Machado"]
[Result "1-0"]
[WhiteElo "1911"]
[BlackElo "1639"]
[PlyCount "66"]
[EventDate "2008.11.07"]
[EventType "tourn"]
[EventRounds "9"]
[EventCountry "BRA"]
[SourceTitle "EXT 2022"]
[Source "ChessBase"]
[SourceDate "2021.10.06"]
[SourceVersion "1"]
[SourceVersionDate "2021.10.06"]
[SourceQuality "1"]

1. e4 c6 2. Nc3 d5 3. Nf3 dxe4 4. Nxe4 Bf5 5. Ng3 Bg6 6. h4 h6 7. Ne5 Bh7 8. Qh5 g6 9. Bc4 e6 10. Qe2 Nd7 11. Nxf7 Qf6 12. Nxh8 0-0-0 13. Nxg6 Bxg6 14. d3 Bb4+ 15. Kf1 Ne5 16. Ne4 Bxe4 17. Qxe4 Bc5 18. Qf4 Qg7 19. Bxe6+ Kb8 20. Be3 Bd6 21. Qa4 b6 22. d4 b5 23. Qa6 Nc4 24. Bxc4 bxc4 25. Qxc4 Ne7 26. Rd1 Rg8 27. Rg1 Qg4 28. Rd3 Kc7 29. g3 Nd5 30. Bxh6 Re8 31. f3 Qh3+ 32. Kf2 Qh2+ 33. Rg2 Bxg3+ 1-0

[Event "Campinas LCX 12th"]
[Site "Campinas"]
[Date "2008.11.07"]
[Round "5"]
[White "Borges, Fernando"]
[Black "Souza Pinto, Marcelo Kim Man"]
[Result "0-1"]
[WhiteElo "1911"]
[BlackElo "1890"]
[PlyCount "52"]
[EventDate "2008.11.07"]
[EventType "tourn"]
[EventRounds "9"]
[EventCountry "BRA"]
[SourceTitle "EXT 2022"]
[Source "ChessBase"]
[SourceDate "2021.10.06"]
[SourceVersion "1"]
[SourceVersionDate "2021.10.06"]
[SourceQuality "1"]

1. e4 c5 2. Nf3 d6 3. d4 cxd4 4. Qxd4 Nc6 5. Bb5 Bd7 6. Bxc6 Bxc6 7. Nc3 Nf6 8. Bg5 Qa5 9. 0-0-0 0-0-0 10. Rhe1 Nd7 11. Qc4 h6 12. Be3 Kb8 13. Qxf7 Nc5 14. Nd2 Na4 15. Nb3 Qc7 16. Rd3 Rc8 17. Nxa4 Be8 18. Nd4 Bxf7 19. Rc3 Qd7 20. Rxc8+ Kxc8 21. b3 e5 22. Nf5 Kd8 23. Bxa7 Ke8 24. Nb6 Qc6 25. Re3 g6 26. Ng3 d5 0-1

[Event "Campinas Pucci Memorial 11th"]
[Site "Campinas"]
[Date "2008.10.27"]
[Round "8"]
[White "Borges, Fernando"]
[Black "Savian, Fabio Jose"]
[Result "1/2-1/2"]
[WhiteElo "1923"]
[BlackElo "2103"]
[PlyCount "64"]
[EventDate "2008.10.24"]
[EventType "tourn"]
[EventRounds "9"]
[EventCountry "BRA"]
[SourceTitle "EXT 2022"]
[Source "ChessBase"]
[SourceDate "2021.10.06"]
[SourceVersion "1"]
[SourceVersionDate "2021.10.06"]
[SourceQuality "1"]

1. Nf3 Nf6 2. b3 d6 3. c4 g6 4. Bb2 Bg7 5. e4 0-0 6. Qe2 c5 7. d4 cxd4 8. Nxd4 Bd7 9. g3 Nc6 10. Nxc6 Bxc6 11. Bg2 Nd7 12. Bxg7 Kxg7 13. 0-0 Rb8 14. Nc3 a6 15. Qb2 Kg8 16. Rfe1 Ne5 17. Rad1 Qa5 18. Nd5 Rfe8 19. Re2 h5 20. h3 Qc5 21. Kh1 Bxd5 22. exd5 b5 23. cxb5 Qxb5 24. f4 Nd3 25. Qd2 Nc5 26. Rde1 Rb7 27. f5 Qd3 28. fxg6 fxg6 29. Qg5 Qf5 30. Qd2 Qd3 31. Qg5 Qf5 32. Qd2 Qd3 1/2-1/2

[Event "Campinas Pucci Memorial 11th"]
[Site "Campinas"]
[Date "2008.10.26"]
[Round "1"]
[White "Borges, Fernando"]
[Black "Pereira, Marcio Machado"]
[Result "1-0"]
[WhiteElo "1923"]
[BlackElo "1639"]
[PlyCount "83"]
[EventDate "2008.10.24"]
[EventType "tourn"]
[EventRounds "9"]
[EventCountry "BRA"]
[SourceTitle "EXT 2022"]
[Source "ChessBase"]
[SourceDate "2021.10.06"]
[SourceVersion "1"]
[SourceVersionDate "2021.10.06"]
[SourceQuality "1"]

1. e4 d6 2. d4 Nf6 3. Nc3 g6 4. Nf3 Bg7 5. Be2 0-0 6. 0-0 Na6 7. h3 c5 8. Bxa6 bxa6 9. dxc5 dxc5 10. Be3 Bb7 11. Qxd8 Rfxd8 12. Nd2 c4 13. f3 Nd7 14. Rfd1 Bxc3 15. bxc3 Ne5 16. Bd4 Nc6 17. Nxc4 Nxd4 18. cxd4 Rac8 19. Na5 Ba8 20. Rac1 Rc3 21. Rd3 Rdc8 22. Rxc3 Rxc3 23. Nb3 f5 24. Nc5 e5 25. Rb1 Kf7 26. Rb8 Bc6 27. Rc8 Bb5 28. Rc7+ Ke8 29. dxe5 fxe4 30. fxe4 Rxc2 31. a4 Bxa4 32. Rc8+ Kf7 33. e6+ Ke7 34. e5 Bb5 35. Kh2 a5 36. Kg3 a4 37. Rc7+ Ke8 38. Na6 Rxc7 39. Nxc7+ Ke7 40. Nxb5 Kxe6 41. Kf4 a5 42. Ke4 1-0

[Event "Campinas IRT LCX 10th"]
[Site "Campinas"]
[Date "2008.08.11"]
[Round "4"]
[White "Borges, Fernando"]
[Black "De Moraes, Francisco Jose Baen"]
[Result "1/2-1/2"]
[WhiteElo "1865"]
[BlackElo "1953"]
[PlyCount "40"]
[EventDate "2008.08.01"]
[EventType "tourn"]
[EventRounds "11"]
[EventCountry "BRA"]
[SourceTitle "EXT 2022"]
[Source "ChessBase"]
[SourceDate "2021.10.06"]
[SourceVersion "1"]
[SourceVersionDate "2021.10.06"]
[SourceQuality "1"]

1. e4 c6 2. d4 d5 3. Nc3 dxe4 4. Nxe4 Bf5 5. Ng3 Bg6 6. h4 h6 7. Nf3 Nd7 8. h5 Bh7 9. Bd3 Bxd3 10. Qxd3 Ngf6 11. Bf4 Qa5+ 12. Bd2 Qc7 13. 0-0-0 0-0-0 14. Ne4 e6 15. g3 Nc5 16. Nxc5 Bxc5 17. Bf4 Bd6 18. Bxd6 Rxd6 19. Qc4 Rhd8 20. c3 Rd5 1/2-1/2

[Event "Campinas IRT LCX 10th"]
[Site "Campinas"]
[Date "2008.08.11"]
[Round "9"]
[White "Borges, Fernando"]
[Black "Goncalves, Marcus Vinicius M"]
[Result "1-0"]
[WhiteElo "1865"]
[BlackElo "1790"]
[PlyCount "91"]
[EventDate "2008.08.01"]
[EventType "tourn"]
[EventRounds "11"]
[EventCountry "BRA"]
[SourceTitle "EXT 2022"]
[Source "ChessBase"]
[SourceDate "2021.10.06"]
[SourceVersion "1"]
[SourceVersionDate "2021.10.06"]
[SourceQuality "1"]

1. e4 c6 2. d4 d5 3. Nc3 dxe4 4. Nxe4 Bf5 5. Ng3 Bg6 6. h4 h6 7. Nf3 Nd7 8. h5 Bh7 9. Bd3 Bxd3 10. Qxd3 e6 11. Bd2 Ngf6 12. 0-0-0 Qc7 13. Ne4 Nd5 14. c4 Nb4 15. Bxb4 Bxb4 16. c5 0-0-0 17. Nd6+ Kb8 18. Qc4 Ba5 19. b4 Bb6 20. Kb1 Rhf8 21. Ne4 f5 22. Nc3 e5 23. dxe5 Nxe5 24. Nxe5 Qxe5 25. cxb6 axb6 26. Rhe1 Qh2 27. g3 Qxh5 28. Qf4+ Kc8 29. Rxd8+ Rxd8 30. Re7 Rd7 31. Rxd7 Kxd7 32. Qd4+ Kc8 33. Qxg7 Qf3 34. Qd4 h5 35. Qe3 Qg4 36. a3 f4 37. Qe8+ Kc7 38. Qe5+ Kc8 39. Qxf4 Qxf4 40. gxf4 h4 41. Ne2 Kd7 42. Kc2 Ke6 43. Kd3 Kf5 44. Ke3 c5 45. Kf3 c4 46. Nd4+ 1-0

[Event "Campinas IRT LCX 10th"]
[Site "Campinas"]
[Date "2008.08.11"]
[Round "7"]
[White "Pereira, Marcio Machado"]
[Black "Borges, Fernando"]
[Result "0-1"]
[WhiteElo "1639"]
[BlackElo "1865"]
[PlyCount "42"]
[EventDate "2008.08.01"]
[EventType "tourn"]
[EventRounds "11"]
[EventCountry "BRA"]
[SourceTitle "EXT 2022"]
[Source "ChessBase"]
[SourceDate "2021.10.06"]
[SourceVersion "1"]
[SourceVersionDate "2021.10.06"]
[SourceQuality "1"]

1. e4 c5 2. Nf3 d6 3. d4 cxd4 4. Nxd4 Nf6 5. Nc3 a6 6. Bg5 e6 7. f4 Be7 8. Bc4 b5 9. Bb3 b4 10. Bxf6 Bxf6 11. Nce2 0-0 12. 0-0 Bb7 13. Bxe6 fxe6 14. Nxe6 Qb6+ 15. N2d4 Re8 16. e5 dxe5 17. fxe5 Bxe5 18. Kh1 Nc6 19. Qg4 Nxd4 20. Nxd4 Qxd4 21. Qxd4 Bxd4 0-1

[Event "Campinas IRT LCX 09th"]
[Site "Campinas"]
[Date "2008.07.15"]
[Round "9"]
[White "Borges, Fernando"]
[Black "Fascetti, Angelo de Leon Cult"]
[Result "0-1"]
[WhiteElo "1865"]
[BlackElo "2089"]
[PlyCount "34"]
[EventDate "2008.07.15"]
[EventType "tourn"]
[EventRounds "11"]
[EventCountry "BRA"]
[SourceTitle "EXT 2022"]
[Source "ChessBase"]
[SourceDate "2021.10.06"]
[SourceVersion "1"]
[SourceVersionDate "2021.10.06"]
[SourceQuality "1"]

1. e4 c6 2. d4 d5 3. Nc3 dxe4 4. Nxe4 Bf5 5. Ng3 Bg6 6. h4 h6 7. Nf3 Nd7 8. h5 Bh7 9. Bd3 Bxd3 10. Qxd3 e6 11. Bd2 Ngf6 12. 0-0-0 Be7 13. Kb1 0-0 14. c4 b5 15. Ne5 Nxe5 16. Qe2 Nxc4 17. Bf4 Nd5 0-1

[Event "Campinas IRT LCX 09th"]
[Site "Campinas"]
[Date "2008.07.15"]
[Round "5"]
[White "De Moraes, Francisco Jose Baen"]
[Black "Borges, Fernando"]
[Result "0-1"]
[WhiteElo "1953"]
[BlackElo "1865"]
[PlyCount "128"]
[EventDate "2008.07.15"]
[EventType "tourn"]
[EventRounds "11"]
[EventCountry "BRA"]
[SourceTitle "EXT 2022"]
[Source "ChessBase"]
[SourceDate "2021.10.06"]
[SourceVersion "1"]
[SourceVersionDate "2021.10.06"]
[SourceQuality "1"]

1. d4 Nf6 2. c4 e6 3. Nf3 b6 4. a3 Bb7 5. Nc3 Be7 6. e3 Ne4 7. Qc2 f5 8. Bd3 Nxc3 9. Qxc3 0-0 10. Be2 d6 11. 0-0 Nd7 12. Ne1 Nf6 13. f3 c5 14. Nd3 cxd4 15. exd4 Rc8 16. Qb3 Qd7 17. Qa2 Kh8 18. b4 Rc7 19. Be3 Qc6 20. Nf4 Qd7 21. Rfd1 g5 22. Nd3 f4 23. Bf2 Qc6 24. Rac1 Ba8 25. b5 Qb7 26. Nb4 Ng4 27. Nc6 Nxf2 28. Kxf2 Bf6 29. d5 e5 30. Qc2 Qc8 31. Qe4 Qe8 32. Kg1 Qh5 33. h3 Qf7 34. Bd3 Rg8 35. Kf2 h5 36. Rh1 Rg7 37. Nb4 Kg8 38. Qe2 Bb7 39. Bf5 Bc8 40. Bxc8 Rxc8 41. Nc6 Qb7 42. Qe4 Qd7 43. Ke2 Rf8 44. Kd3 Ra8 45. a4 g4 46. hxg4 hxg4 47. Rh5 Kf7 48. Qf5 Qxf5+ 49. Rxf5 gxf3 50. gxf3 Rg3 51. Ke4 a6 52. Rh5 axb5 53. axb5 Ra3 54. Rh7+ Bg7 55. Rch1 Raxf3 56. Ra1 Ra3 57. Rah1 f3 58. Kf5 Kg8 59. Ke6 Rg6+ 60. Kd7 Rf6 61. Ne7+ Kf7 62. Nc8 f2 63. Nxd6+ Kg8 64. Rf1 Kxh7 0-1

[Event "Valinhos LCX 8th"]
[Site "Valinhos"]
[Date "2008.07.03"]
[Round "4"]
[White "Borges, Fernando"]
[Black "De Moraes, Francisco Jose Baen"]
[Result "1/2-1/2"]
[WhiteElo "1865"]
[BlackElo "1953"]
[PlyCount "65"]
[EventDate "2008.07.03"]
[EventType "tourn"]
[EventRounds "14"]
[EventCountry "BRA"]
[SourceTitle "EXT 2022"]
[Source "ChessBase"]
[SourceDate "2021.10.06"]
[SourceVersion "1"]
[SourceVersionDate "2021.10.06"]
[SourceQuality "1"]

1. e4 c6 2. d4 d5 3. Nc3 dxe4 4. Nxe4 Bf5 5. Ng3 Bg6 6. Nf3 Nd7 7. h4 h6 8. h5 Bh7 9. Bd3 Bxd3 10. Qxd3 e6 11. Bd2 Qc7 12. 0-0-0 Ngf6 13. c4 0-0-0 14. Kb1 Bd6 15. Ne4 Nxe4 16. Qxe4 Nf6 17. Qe2 c5 18. Bc3 Kb8 19. Ne5 cxd4 20. Bxd4 Rhf8 21. f4 Nd7 22. Nxd7+ Rxd7 23. Bxg7 Re8 24. Be5 Bxe5 25. Rxd7 Qxd7 26. fxe5 Rd8 27. b3 Qd4 28. Kc2 Qf4 29. Rf1 Qd4 30. Rxf7 Qa1 31. Rf2 Qxa2+ 32. Kc3 Qa1+ 33. Kc2 1/2-1/2

[Event "Valinhos LCX 8th"]
[Site "Valinhos"]
[Date "2008.07.03"]
[Round "5"]
[White "Chih, Lee Hung"]
[Black "Borges, Fernando"]
[Result "1-0"]
[WhiteElo "1994"]
[BlackElo "1865"]
[PlyCount "55"]
[EventDate "2008.07.03"]
[EventType "tourn"]
[EventRounds "14"]
[EventCountry "BRA"]
[SourceTitle "EXT 2022"]
[Source "ChessBase"]
[SourceDate "2021.10.06"]
[SourceVersion "1"]
[SourceVersionDate "2021.10.06"]
[SourceQuality "1"]

1. e4 c5 2. Nf3 d6 3. d4 cxd4 4. Nxd4 Nf6 5. Bd3 a6 6. 0-0 e5 7. Nb3 Be6 8. Kh1 Be7 9. f4 Qc7 10. Nc3 Nbd7 11. f5 Bc4 12. Rf3 0-0-0 13. Bxc4 Qxc4 14. Nd2 Qc6 15. b4 d5 16. exd5 Nxd5 17. Nxd5 Qxd5 18. Rd3 Qc6 19. Bb2 Kb8 20. a3 g6 21. f6 Bxf6 22. Nb3 e4 23. Rd6 Ne5 24. Bxe5 Rxd6 25. Qxd6+ Qxd6 26. Bxd6+ Kc8 27. Rf1 Bc3 28. Rxf7 1-0

[Event "Valinhos LCX 8th"]
[Site "Valinhos"]
[Date "2008.07.03"]
[Round "10"]
[White "Mello, Marcos Fernando"]
[Black "Borges, Fernando"]
[Result "0-1"]
[WhiteElo "1627"]
[BlackElo "1856"]
[PlyCount "78"]
[EventDate "2008.07.03"]
[EventType "tourn"]
[EventRounds "14"]
[EventCountry "BRA"]
[SourceTitle "EXT 2022"]
[Source "ChessBase"]
[SourceDate "2021.10.06"]
[SourceVersion "1"]
[SourceVersionDate "2021.10.06"]
[SourceQuality "1"]

1. d4 Nf6 2. c4 g6 3. Nc3 Bg7 4. Bg5 h6 5. Bxf6 Bxf6 6. Nf3 d6 7. g3 0-0 8. Bg2 Nd7 9. 0-0 e5 10. d5 Bg7 11. e4 f5 12. Nd2 f4 13. f3 fxg3 14. hxg3 Nf6 15. Rf2 h5 16. Qe2 Bh6 17. Nf1 h4 18. g4 Rf7 19. Ne3 Bxe3 20. Qxe3 Bxg4 21. Kh1 Bd7 22. Ne2 Nh5 23. Rg1 Ng3+ 24. Kh2 Nxe2 25. Rxe2 Qf6 26. Rf2 Kh7 27. Bf1 Raf8 28. Rg5 Qe7 29. Be2 Rf4 30. Rfg2 Be8 31. Rg1 Qf6 32. Qxa7 Rxe4 33. fxe4 Qf4+ 34. Kh3 Bd7+ 35. R5g4 Qxe4 36. R1g2 Bxg4+ 37. Bxg4 Rf1 38. Rf2 Rh1+ 39. Rh2 Qf4 0-1

[Event "Campinas IRT LCX 05th"]
[Site "Campinas"]
[Date "2008.04.11"]
[Round "12"]
[White "Borges, Fernando"]
[Black "Souza Pinto, Marcelo Kim Man"]
[Result "1-0"]
[WhiteElo "1826"]
[BlackElo "1909"]
[PlyCount "115"]
[EventDate "2008.03.21"]
[EventType "tourn"]
[EventRounds "13"]
[EventCountry "BRA"]
[SourceTitle "EXT 2022"]
[Source "ChessBase"]
[SourceDate "2021.10.06"]
[SourceVersion "1"]
[SourceVersionDate "2021.10.06"]
[SourceQuality "1"]

1. e4 c5 2. Nf3 d6 3. d4 cxd4 4. Qxd4 Nf6 5. Bg5 Nc6 6. Bb5 Nd7 7. Bxc6 bxc6 8. Nc3 Nc5 9. Qd2 Ne6 10. Be3 Nc7 11. Nd4 c5 12. Nde2 Rb8 13. 0-0-0 Nb5 14. Nxb5 Rxb5 15. Nc3 Rb8 16. Bxc5 Be6 17. Be3 h5 18. Kb1 g6 19. Qd4 Rg8 20. Qd2 Qc8 21. b3 Rh8 22. Nd5 Rb7 23. Qc3 Qxc3 24. Nxc3 Bd7 25. Nd5 f6 26. Rd3 Bc6 27. Rc3 Kd7 28. Rd1 Bg7 29. Bd4 Rf8 30. f3 a6 31. Be3 f5 32. Rcd3 fxe4 33. fxe4 Bxd5 34. exd5 Rf5 35. Bd4 Bxd4 36. Rxd4 Rb8 37. Kb2 Rbf8 38. R1d2 g5 39. Re2 Re5 40. Rxe5 dxe5 41. Rd2 Kd6 42. c4 e4 43. Re2 e6 44. dxe6 Kxe6 45. Rxe4+ Kd6 46. Re2 g4 47. Kc3 h4 48. Kd3 Kc5 49. a3 a5 50. Re5+ Kb6 51. Rg5 h3 52. Rxg4 hxg2 53. Rxg2 Rf3+ 54. Kc2 Rh3 55. Rd2 Kc6 56. a4 Kc5 57. Rf2 Kb4 58. Rf5 1-0

[Event "Campinas IRT LCX 05th"]
[Site "Campinas"]
[Date "2008.04.04"]
[Round "8"]
[White "Borges, Fernando"]
[Black "Pereira, Marcio Machado"]
[Result "1-0"]
[WhiteElo "1826"]
[BlackElo "1656"]
[PlyCount "81"]
[EventDate "2008.03.21"]
[EventType "tourn"]
[EventRounds "13"]
[EventCountry "BRA"]
[SourceTitle "EXT 2022"]
[Source "ChessBase"]
[SourceDate "2021.10.06"]
[SourceVersion "1"]
[SourceVersionDate "2021.10.06"]
[SourceQuality "1"]

1. e4 d6 2. d4 Nf6 3. Nc3 a6 4. a4 e5 5. Nf3 Bg4 6. dxe5 Bxf3 7. Qxf3 dxe5 8. Bg5 Bb4 9. Bc4 0-0 10. Rd1 Qe7 11. 0-0 Bxc3 12. Qxc3 Nc6 13. Bxf6 Qxf6 14. f4 Kh8 15. Rd5 exf4 16. Qxf6 gxf6 17. Rxf4 Ne5 18. Be2 Kg7 19. Rc5 Rac8 20. Rc3 Rfe8 21. Rg3+ Ng6 22. Bd3 Re5 23. Rf5 c5 24. b3 Rc6 25. h4 Kf8 26. h5 Rxf5 27. exf5 Nf4 28. h6 Nh5 29. Rf3 Rd6 30. g4 Rd4 31. gxh5 Rh4 32. Kg2 Rxh5 33. Rh3 Rg5+ 34. Kf2 Ke7 35. Kf3 Kd6 36. Kf4 Rg2 37. Kf3 Rg1 38. Rh2 Ke5 39. Rh4 Rg5 40. Re4+ Kxf5 41. Re7# 1-0